000 00443nam a2200181Ia 4500
005 20250423094422.0
008 250422s9999 xx 000 0 und d
020 _a1850704562
050 _aRC 740 .C67/
100 _aCostello, J. F.
245 3 _aAn atlas of lung infections
260 _aNew York
260 _bThe Parthenon Publishing Group
260 _c1996
300 _a112 p
650 _aRespiratory infections.
942 _cBK
999 _c27179
_d27179